NMR spectroscopy = NMR Spektroskopie : Basic principles, concepts, and applications in chemistry
The book provides a comprehensive introduction to the basic of technique combined with its more advanced applications to organic chemistry. It includes recent important advances in n.m.r. spectroscopy, two-dimensional methods, an elarged treatment of Fourrier transform methods, an introduction to th...
שמור ב:
| מחבר ראשי: | |
|---|---|
| פורמט: | ספר |
| שפה: | Undetermined |
| יצא לאור: |
Chichester, UK
John Wiley
1995
|
| נושאים: | |
| תגים: |
הוספת תג
אין תגיות, היה/י הראשונ/ה לתייג את הרשומה!
|
| Thư viện lưu trữ: | Trung tâm Học liệu Trường Đại học Cần Thơ |
|---|
| LEADER | 01144nam a2200241Ia 4500 | ||
|---|---|---|---|
| 001 | CTU_32326 | ||
| 008 | 210402s9999 xx 000 0 und d | ||
| 020 | |c 138.89 | ||
| 082 | |a 543.0877 | ||
| 082 | |b G977 | ||
| 100 | |a Gunther, H. | ||
| 245 | 0 | |a NMR spectroscopy = | |
| 245 | 0 | |b NMR Spektroskopie : Basic principles, concepts, and applications in chemistry | |
| 245 | 0 | |c Harald Gunter | |
| 260 | |a Chichester, UK | ||
| 260 | |b John Wiley | ||
| 260 | |c 1995 | ||
| 520 | |a The book provides a comprehensive introduction to the basic of technique combined with its more advanced applications to organic chemistry. It includes recent important advances in n.m.r. spectroscopy, two-dimensional methods, an elarged treatment of Fourrier transform methods, an introduction to the product operator formalism of modern pulse n.m.r., the description of gradient enhanced experiments and a new section on solid state n.m.r. | ||
| 526 | |a Các phương pháp quang phổ | ||
| 526 | |b TNH617 | ||
| 650 | |a Nuclear magnetic resonance spectroscopy | ||
| 904 | |i Minh, Huỳnh Mai | ||
| 980 | |a Trung tâm Học liệu Trường Đại học Cần Thơ | ||